| 000 | 00377cam a22001217a 4500 | ||
|---|---|---|---|
| 008 | 180718b1980 xxu||||| |||| 00| 0 eng d | ||
| 082 | _aC4x54 C349 | ||
| 100 | _aChakravarti, K.P. | ||
| 245 |
_aConstitution of India: analysis and interpretation _cby K.P. Chakravarti |
||
| 260 |
_aAllahabad _bAllahabad Law Agency _c1980 |
||
| 300 | _a516p. | ||
| 650 | _aConstitutional law --India | ||
| 999 |
_c342047 _d342047 |
||